| 000 | 01441nam a2200325 i 4500 | ||
|---|---|---|---|
| 001 | 000016145 | ||
| 003 | DO-SdBNP | ||
| 005 | 20240215072455.0 | ||
| 007 | ta | ||
| 008 | 100226s1990 dr r 001 0 spa d | ||
| 040 |
_aDO-SdBNP _bspa _cBNPHU _erda |
||
| 082 | 4 |
_a347.016 _bG633t _222 |
|
| 100 | 1 |
_aGómez Rodríguez, Manuel Víctor, _936141 _eautor |
|
| 245 | 1 | 0 |
_aTratado de derecho notarial dominicano / _cManuel V. Gómez. |
| 264 |
_aSanto Domingo : _bTaller, _c1990. |
||
| 300 |
_a627 páginas ; _c24 cm. |
||
| 336 |
_2rdacontent _atexto _btxt |
||
| 337 |
_2rdamedia _asin mediación _bn |
||
| 338 |
_2rdacarrier _avolumen _bnc |
||
| 504 | _aBibligrafía : p. 627 | ||
| 505 | 0 |
_aIntroducción -- _tEl derecho notarial -- _tEl acta notarial: objeto del derecho notarial -- _tConsecuencias jurídicas del acta notarial -- _tLos sujetos del derecho notarial -- _tEl ejercicio del notariado -- _tEl notariado en el mundo moderno -- _tProblemática notarial dominicana -- _tRepertorio de leyes relativas al notariado -- _gBibliografía abreviada. |
|
| 590 | _aInventariado, 2018/BT | ||
| 650 | 4 |
_aDerecho notarial _zRepública Dominicana _910224 |
|
| 650 | 4 |
_aNotariado y registros _910225 |
|
| 650 | 4 |
_aNotarios _zRepública Dominicana _936142 |
|
| 650 | 4 |
_aDocumentos públicos _xLegislación _zRepública Dominicana _936143 |
|
| 651 | 4 |
_aRepública Dominicana _xLeyes _916541 |
|
| 910 | _aValidado. Control de calidad. EMS | ||
| 942 |
_2ddc _cLBS1 |
||
| 999 |
_c15685 _d15685 |
||